[Event "MSRCH16"]
[Site "?"]
[Date "2026.04.10"]
[Round "1.1"]
[White "Meszaros, Casey Ryan"]
[Black "Sekerak, Filip"]
[Result "1/2-1/2"]
[BlackElo "1764"]
[WhiteElo "2204"]
[LiveChessVersion "1.4.8"]

1. Nf3 {[%clk 1:30:47]} Nf6 {[%clk 1:30:56]} 2. e3 {[%clk 1:30:32]} d5
{[%clk 1:31:19]} 3. c4 {[%clk 1:30:48]} Bf5 {[%clk 1:30:05]} 4. Nc3
{[%clk 1:30:10]} e6 {[%clk 1:30:25]} 5. b3 {[%clk 1:30:10]} c5 {[%clk 1:30:25]}
6. cxd5 {[%clk 1:30:10]} exd5 {[%clk 1:30:25]} 7. d4 {[%clk 1:30:10]} Nc6
{[%clk 1:30:25]} 8. Bb5 {[%clk 1:30:10]} a6 {[%clk 1:30:25]} 9. Bxc6+
{[%clk 1:30:10]} bxc6 {[%clk 1:30:25]} 10. h3 {[%clk 1:30:10]} Bg6
{[%clk 1:30:25]} 11. Ne5 {[%clk 1:30:10]} cxd4 {[%clk 1:30:25]} 12. Qxd4
{[%clk 1:30:10]} Qc7 {[%clk 1:30:25]} 13. Bb2 {[%clk 1:30:10]} Bd6
{[%clk 1:30:25]} 14. Nxg6 {[%clk 1:30:10]} hxg6 {[%clk 1:30:25]} 15. Rc1
{[%clk 1:30:10]} Qe7 {[%clk 1:30:25]} 16. Qa4 {[%clk 1:30:10]} O-O
{[%clk 1:30:25]} 17. O-O {[%clk 1:30:10]} Qe5 {[%clk 1:30:25]} 1/2-1/2

[Event "MSRCH16"]
[Site "?"]
[Date "2026.04.10"]
[Round "1.2"]
[White "Toth, Peter"]
[Black "Ropovik, Samuel"]
[Result "0-1"]
[BlackElo "2072"]
[WhiteElo "1756"]
[LiveChessVersion "1.4.8"]

1. e4 {[%clk 1:30:58]} c5 {[%clk 1:30:50]} 2. Nf3 {[%clk 1:31:24]} Nc6
{[%clk 1:31:05]} 3. d4 {[%clk 1:31:48]} cxd4 {[%clk 1:31:29]} 4. Nxd4
{[%clk 1:32:14]} Nf6 {[%clk 1:31:35]} 5. Nc3 {[%clk 1:32:33]} d6 {[%clk 1:31:41]}
6. Be3 {[%clk 1:31:42]} Ng4 {[%clk 1:31:58]} 7. Qd2 {[%clk 1:24:37]} Nxe3
{[%clk 1:31:11]} 8. Qxe3 {[%clk 1:24:34]} g6 {[%clk 1:15:27]} 9. Nb3
{[%clk 1:15:34]} Bg7 {[%clk 1:10:08]} 10. O-O-O {[%clk 1:09:36]} Be6
{[%clk 0:57:34]} 11. Nd5 {[%clk 0:54:41]} Qc8 {[%clk 0:50:08]} 12. Bb5
{[%clk 0:42:48]} Bd7 {[%clk 0:43:27]} 13. Qg5 {[%clk 0:31:43]} Qd8
{[%clk 0:42:35]} 14. h4 {[%clk 0:27:15]} h5 {[%clk 0:36:48]} 15. Kb1
{[%clk 0:24:31]} a6 {[%clk 0:35:58]} 16. Be2 {[%clk 0:23:29]} b5 {[%clk 0:34:43]}
17. Qe3 {[%clk 0:22:47]} Rb8 {[%clk 0:34:27]} 18. f3 {[%clk 0:21:09]} a5
{[%clk 0:26:43]} 19. g4 {[%clk 0:18:05]} a4 {[%clk 0:24:53]} 20. Nc1
{[%clk 0:16:13]} e6 {[%clk 0:17:57]} 21. Nc3 {[%clk 0:10:58]} Qa5
{[%clk 0:17:57]} 22. Rxd6 {[%clk 0:10:32]} b4 {[%clk 0:17:08]} 23. Nd1
{[%clk 0:10:06]} hxg4 {[%clk 0:15:13]} 24. fxg4 {[%clk 0:10:24]} Qe5
{[%clk 0:14:28]} 25. Rd2 {[%clk 0:09:20]} b3 {[%clk 0:07:41]} 26. cxb3
{[%clk 0:08:54]} axb3 {[%clk 0:08:04]} 27. Nxb3 {[%clk 0:08:28]} Bh6
{[%clk 0:07:08]} 28. Qc3 {[%clk 0:03:33]} Qxc3 {[%clk 0:01:51]} 29. Nxc3
{[%clk 0:04:00]} Rxb3 {[%clk 0:01:24]} 30. Rxd7 {[%clk 0:04:07]} Rxc3
{[%clk 0:01:52]} 31. Rhd1 {[%clk 0:02:39]} Rc1+ {[%clk 0:00:34]} 32. Rxc1
{[%clk 0:02:36]} Kxd7 {[%clk 0:00:48]} 33. Rc2 {[%clk 0:01:17]} Nd4
{[%clk 0:00:41]} 34. Rc3 {[%clk 0:00:37]} Nxe2 {[%clk 0:00:54]} 35. Ra3
{[%clk 0:01:00]} Rc8 {[%clk 0:00:38]} 36. Rd3+ {[%clk 0:00:51]} Ke7
{[%clk 0:00:46]} 37. a3 {[%clk 0:01:17]} Bg7 {[%clk 0:00:33]} 38. Rd2
{[%clk 0:00:57]} Ng3 {[%clk 0:00:34]} 39. b4 {[%clk 0:00:44]} Nxe4
{[%clk 0:00:55]} 40. Rg2 {[%clk 0:00:34]} Nc3+ {[%clk 0:01:13]} 41. Kb2
{[%clk 0:00:51]} Nb5+ {[%clk 0:29:29]} 42. Kb3 {[%clk 0:31:08]} Rc3+
{[%clk 0:29:40]} 43. Ka4 {[%clk 0:31:31]} Nxa3 {[%clk 0:30:05]} 0-1

[Event "MSRCH16"]
[Site "?"]
[Date "2026.04.10"]
[Round "1.3"]
[White "Sichnenko, Grigorij"]
[Black "Torok, Aron Levente"]
[Result "1-0"]
[BlackElo "1749"]
[WhiteElo "2062"]
[LiveChessVersion "1.4.8"]

1. d4 {[%clk 1:30:54]} d5 {[%clk 1:30:29]} 2. Nf3 {[%clk 1:31:19]} Nf6
{[%clk 1:29:58]} 3. c4 {[%clk 1:31:44]} e6 {[%clk 1:29:12]} 4. g3
{[%clk 1:32:04]} Bb4+ {[%clk 1:29:15]} 5. Bd2 {[%clk 1:32:19]} Qe7
{[%clk 1:28:25]} 6. a3 {[%clk 1:24:35]} Bxd2+ {[%clk 1:27:58]} 7. Nbxd2
{[%clk 1:24:57]} Nc6 {[%clk 1:26:43]} 8. Bg2 {[%clk 1:24:53]} O-O
{[%clk 1:24:50]} 9. O-O {[%clk 1:23:32]} e5 {[%clk 1:21:55]} 10. dxe5
{[%clk 1:22:14]} Nxe5 {[%clk 1:22:11]} 11. cxd5 {[%clk 1:22:32]} Rd8
{[%clk 1:18:33]} 12. e4 {[%clk 1:12:22]} Bg4 {[%clk 1:13:58]} 13. Re1
{[%clk 1:03:57]} Nxf3+ {[%clk 1:07:59]} 14. Bxf3 {[%clk 1:04:20]} Bxf3
{[%clk 1:07:58]} 15. Qxf3 {[%clk 1:04:33]} c6 {[%clk 1:07:21]} 16. Rad1
{[%clk 1:02:56]} cxd5 {[%clk 1:05:06]} 17. exd5 {[%clk 1:03:18]} Qc5
{[%clk 1:02:34]} 18. Ne4 {[%clk 1:01:05]} Nxe4 {[%clk 1:02:25]} 19. Qxe4
{[%clk 0:59:27]} Rac8 {[%clk 1:00:14]} 20. d6 {[%clk 0:58:50]} Qc6
{[%clk 0:57:33]} 21. Qf5 {[%clk 0:48:46]} Re8 {[%clk 0:49:06]} 22. Re7
{[%clk 0:39:19]} Rxe7 {[%clk 0:48:23]} 23. dxe7 {[%clk 0:39:11]} Re8
{[%clk 0:47:33]} 24. Rd8 {[%clk 0:37:13]} g6 {[%clk 0:44:25]} 25. Qd5
{[%clk 0:36:05]} Qxd5 {[%clk 0:41:46]} 26. Rxe8+ {[%clk 0:36:28]} Kg7
{[%clk 0:41:44]} 27. Rd8 {[%clk 0:36:53]} 1-0

[Event "MSRCH16"]
[Site "?"]
[Date "2026.04.10"]
[Round "1.4"]
[White "Foldesi, Marek"]
[Black "Durovka, Marek"]
[Result "1/2-1/2"]
[BlackElo "2054"]
[WhiteElo "1746"]
[LiveChessVersion "1.4.8"]

1. Nf3 {[%clk 1:30:57]} d5 {[%clk 1:30:36]} 2. d4 {[%clk 1:31:19]} Nf6
{[%clk 1:30:30]} 3. g3 {[%clk 1:31:43]} c5 {[%clk 1:29:36]} 4. c3
{[%clk 1:31:44]} Nc6 {[%clk 1:27:29]} 5. Bg2 {[%clk 1:31:47]} Bf5
{[%clk 1:24:57]} 6. Nbd2 {[%clk 1:30:43]} e6 {[%clk 1:25:16]} 7. O-O
{[%clk 1:25:27]} Be7 {[%clk 1:17:26]} 8. dxc5 {[%clk 1:18:25]} h6
{[%clk 1:13:03]} 9. Re1 {[%clk 1:06:35]} e5 {[%clk 1:02:45]} 10. Qa4
{[%clk 0:51:35]} O-O {[%clk 0:56:17]} 11. b4 {[%clk 0:49:07]} Qc7
{[%clk 0:54:33]} 12. Bb2 {[%clk 0:47:23]} Rfe8 {[%clk 0:34:52]} 13. Rad1
{[%clk 0:45:31]} a5 {[%clk 0:33:37]} 14. Qb3 {[%clk 0:44:40]} Be6
{[%clk 0:30:58]} 15. a3 {[%clk 0:40:18]} d4 {[%clk 0:27:19]} 16. Qc2
{[%clk 0:39:00]} axb4 {[%clk 0:26:07]} 17. cxb4 {[%clk 0:38:42]} b6
{[%clk 0:22:07]} 18. cxb6 {[%clk 0:35:21]} Qxb6 19. Nc4 {[%clk 0:28:43]} Bxc4
{[%clk 0:17:31]} 20. Qxc4 {[%clk 0:28:09]} Rac8 {[%clk 0:12:12]} 21. Qa2
{[%clk 0:24:52]} Red8 {[%clk 0:11:08]} 22. Nd2 {[%clk 0:22:57]} Na7
{[%clk 0:09:55]} 23. Rc1 {[%clk 0:21:16]} Nb5 {[%clk 0:08:25]} 24. Ne4
{[%clk 0:16:57]} Nxe4 {[%clk 0:06:22]} 25. Bxe4 {[%clk 0:16:58]} Bg5
{[%clk 0:04:51]} 26. Rxc8 {[%clk 0:15:49]} Rxc8 {[%clk 0:05:20]} 27. Bd3
{[%clk 0:15:07]} Bd2 {[%clk 0:03:05]} 28. Rd1 {[%clk 0:15:06]} Bc3
{[%clk 0:02:41]} 29. Rc1 {[%clk 0:14:22]} Rc7 {[%clk 0:01:46]} 30. Bxb5
{[%clk 0:14:21]} Qxb5 {[%clk 0:02:09]} 31. Bxc3 {[%clk 0:14:22]} dxc3
{[%clk 0:02:14]} 32. e3 {[%clk 0:13:43]} Qd3 {[%clk 0:02:18]} 33. Qc2
{[%clk 0:13:46]} e4 {[%clk 0:01:00]} 34. a4 {[%clk 0:12:32]} Rc4 {[%clk 0:00:37]}
35. b5 {[%clk 0:12:18]} Qxc2 {[%clk 0:00:52]} 36. Rxc2 {[%clk 0:12:46]} Rxa4
{[%clk 0:01:17]} 37. Rxc3 {[%clk 0:13:09]} Rb4 {[%clk 0:01:41]} 1/2-1/2

[Event "MSRCH16"]
[Site "?"]
[Date "2026.04.10"]
[Round "1.5"]
[White "Simko, Jakub"]
[Black "Mizanin, Matej"]
[Result "1-0"]
[BlackElo "1745"]
[WhiteElo "2025"]
[LiveChessVersion "1.4.8"]

1. d4 {[%clk 1:30:54]} Nf6 {[%clk 1:30:54]} 2. c4 {[%clk 1:31:12]} c5
{[%clk 1:31:18]} 3. d5 {[%clk 1:31:21]} b5 {[%clk 1:31:46]} 4. cxb5
{[%clk 1:30:51]} a6 {[%clk 1:32:15]} 5. b6 {[%clk 1:30:21]} g6 {[%clk 1:31:08]}
6. Nc3 {[%clk 1:30:14]} Qxb6 {[%clk 1:31:10]} 7. Nf3 {[%clk 1:29:50]} Bg7
{[%clk 1:31:31]} 8. e4 {[%clk 1:29:09]} d6 {[%clk 1:31:59]} 9. Be2
{[%clk 1:28:50]} O-O {[%clk 1:30:41]} 10. O-O {[%clk 1:28:43]} e6
{[%clk 1:28:22]} 11. Nd2 {[%clk 1:24:52]} e5 {[%clk 1:05:29]} 12. Nc4
{[%clk 1:22:52]} Qc7 {[%clk 1:05:57]} 13. a4 {[%clk 1:16:57]} Bd7
{[%clk 1:02:00]} 14. a5 {[%clk 1:16:26]} Ra7 {[%clk 0:51:41]} 15. Kh1
{[%clk 0:57:14]} Bb5 {[%clk 0:46:07]} 16. Nb6 {[%clk 0:49:55]} Bxe2
{[%clk 0:45:49]} 17. Qxe2 {[%clk 0:50:22]} Nfd7 {[%clk 0:45:34]} 18. Nc4
{[%clk 0:48:42]} f5 {[%clk 0:44:24]} 19. Bg5 {[%clk 0:43:02]} Nf6
{[%clk 0:29:07]} 20. f3 {[%clk 0:36:33]} f4 {[%clk 0:24:54]} 21. Bh4
{[%clk 0:33:49]} h6 {[%clk 0:23:54]} 22. Nb6 {[%clk 0:28:50]} Nbd7
{[%clk 0:20:35]} 23. Nca4 {[%clk 0:27:37]} g5 {[%clk 0:20:44]} 24. Bf2
{[%clk 0:26:44]} Qb7 {[%clk 0:15:49]} 25. b4 {[%clk 0:25:30]} Nxb6
{[%clk 0:07:52]} 26. axb6 {[%clk 0:25:41]} Raa8 {[%clk 0:08:18]} 27. bxc5
{[%clk 0:26:05]} dxc5 {[%clk 0:07:38]} 28. Nxc5 {[%clk 0:26:12]} 1-0

[Event "MSRCH16"]
[Site "?"]
[Date "2026.04.10"]
[Round "1.6"]
[White "Chmurny, Richard"]
[Black "Vasko, Matej"]
[Result "0-1"]
[BlackElo "2013"]
[WhiteElo "1734"]
[LiveChessVersion "1.4.8"]

1. Nf3 {[%clk 1:30:57]} d5 {[%clk 1:30:37]} 2. g3 {[%clk 1:31:10]} Nf6
{[%clk 1:30:40]} 3. Bg2 {[%clk 1:31:16]} c5 {[%clk 1:30:32]} 4. d3
{[%clk 1:30:30]} Nc6 {[%clk 1:29:57]} 5. Nbd2 {[%clk 1:29:25]} e5
{[%clk 1:29:17]} 6. O-O {[%clk 1:25:39]} Be7 {[%clk 1:28:45]} 7. Re1
{[%clk 1:24:39]} O-O {[%clk 1:28:08]} 8. e4 {[%clk 1:23:15]} d4 {[%clk 1:25:32]}
9. Nc4 {[%clk 1:21:51]} Qc7 {[%clk 1:24:06]} 10. a4 {[%clk 1:20:31]} Ne8
{[%clk 1:16:41]} 11. Qe2 {[%clk 1:13:15]} Be6 {[%clk 1:14:19]} 12. Nfd2
{[%clk 1:08:33]} Bg5 {[%clk 1:06:58]} 13. b3 {[%clk 1:06:13]} Nb4
{[%clk 1:00:02]} 14. Nf3 {[%clk 1:04:16]} Bxc1 {[%clk 1:00:05]} 15. Rexc1
{[%clk 1:04:14]} f6 {[%clk 0:57:56]} 16. Rf1 {[%clk 0:53:50]} Nd6
{[%clk 0:49:09]} 17. Nxd6 {[%clk 0:53:12]} Qxd6 {[%clk 0:49:24]} 18. Nh4
{[%clk 0:53:23]} g6 {[%clk 0:45:41]} 19. f4 {[%clk 0:52:57]} Bd7 {[%clk 0:43:37]}
20. Qd2 {[%clk 0:42:15]} Kg7 {[%clk 0:40:48]} 21. Rf2 {[%clk 0:40:20]} a6
{[%clk 0:39:15]} 22. Raf1 {[%clk 0:38:33]} Nc6 {[%clk 0:32:41]} 23. fxe5
{[%clk 0:30:24]} Nxe5 {[%clk 0:29:39]} 24. Qf4 {[%clk 0:27:07]} b5
{[%clk 0:28:24]} 25. axb5 {[%clk 0:25:47]} axb5 {[%clk 0:28:47]} 26. Nf3
{[%clk 0:25:51]} g5 {[%clk 0:23:37]} 27. Nxg5 {[%clk 0:19:07]} fxg5
{[%clk 0:23:46]} 28. Qxg5+ {[%clk 0:19:33]} Ng6 {[%clk 0:23:38]} 29. e5
{[%clk 0:19:55]} Qxe5 {[%clk 0:23:39]} 30. Qxe5+ {[%clk 0:20:08]} Nxe5
{[%clk 0:24:03]} 31. Bxa8 {[%clk 0:20:34]} Rxa8 {[%clk 0:24:26]} 32. Re2
{[%clk 0:19:04]} Re8 {[%clk 0:11:50]} 33. Ref2 {[%clk 0:15:50]} Bh3
{[%clk 0:09:55]} 34. Ra1 {[%clk 0:15:33]} Re7 {[%clk 0:09:01]} 35. Re2
{[%clk 0:14:07]} Bg4 {[%clk 0:05:31]} 36. Re4 {[%clk 0:11:28]} Nf3+
{[%clk 0:04:31]} 37. Kf2 {[%clk 0:08:35]} Rxe4 {[%clk 0:04:36]} 38. dxe4
{[%clk 0:09:00]} Nd2 {[%clk 0:03:11]} 39. e5 {[%clk 0:06:49]} c4 {[%clk 0:00:51]}
40. Ra7+ {[%clk 0:02:14]} Kf8 {[%clk 0:00:40]} 41. Ke1 {[%clk 0:23:12]} c3
{[%clk 0:14:11]} 42. Ra6 {[%clk 0:20:47]} Nf3+ {[%clk 0:05:07]} 43. Kd1
{[%clk 0:18:40]} Nxe5+ {[%clk 0:04:51]} 44. Kc1 {[%clk 0:19:03]} d3
{[%clk 0:05:13]} 45. Ra8+ {[%clk 0:19:27]} Ke7 {[%clk 0:04:50]} 46. cxd3
{[%clk 0:19:53]} b4 {[%clk 0:04:32]} 47. Ra7+ {[%clk 0:17:03]} Kd6
{[%clk 0:04:04]} 48. Ra6+ {[%clk 0:17:25]} Kd5 {[%clk 0:03:25]} 49. Rf6
{[%clk 0:13:11]} Nxd3+ {[%clk 0:03:07]} 50. Kc2 {[%clk 0:12:15]} Nb2
{[%clk 0:01:18]} 51. Rb6 {[%clk 0:09:44]} Kc5 {[%clk 0:01:08]} 52. Rb8
{[%clk 0:10:07]} Bd1+ {[%clk 0:01:24]} 53. Kc1 {[%clk 0:10:22]} Bxb3
{[%clk 0:01:48]} 54. Rd8 {[%clk 0:10:18]} Bd5 {[%clk 0:01:42]} 55. Kc2
{[%clk 0:08:32]} Kd4 {[%clk 0:02:03]} 0-1

[Event "MSRCH16"]
[Site "?"]
[Date "2026.04.10"]
[Round "1.7"]
[White "Bilik, Matej"]
[Black "Pauko, Sebastian"]
[Result "1/2-1/2"]
[BlackElo "1726"]
[WhiteElo "2009"]
[LiveChessVersion "1.4.8"]

1. e4 {[%clk 1:30:59]} c6 {[%clk 1:30:48]} 2. d4 {[%clk 1:31:21]} d5
{[%clk 1:31:12]} 3. Nc3 {[%clk 1:31:44]} dxe4 {[%clk 1:31:37]} 4. Nxe4
{[%clk 1:32:04]} Nf6 {[%clk 1:32:02]} 5. Nxf6+ {[%clk 1:32:24]} exf6
{[%clk 1:31:39]} 6. c3 {[%clk 1:32:48]} Bd6 {[%clk 1:31:57]} 7. Bd3
{[%clk 1:33:12]} O-O {[%clk 1:30:54]} 8. Ne2 {[%clk 1:33:36]} Bg4
{[%clk 1:29:56]} 9. Qc2 {[%clk 1:30:39]} Bxe2 {[%clk 1:24:19]} 10. Bxe2
{[%clk 1:30:47]} Re8 {[%clk 1:22:37]} 11. Be3 {[%clk 1:30:11]} Nd7
{[%clk 1:21:07]} 12. Bd3 {[%clk 1:26:11]} Nf8 {[%clk 1:20:58]} 13. O-O
{[%clk 1:16:13]} Qc7 {[%clk 1:17:41]} 14. g3 {[%clk 0:59:11]} Re7
{[%clk 1:10:12]} 15. Rae1 {[%clk 0:58:04]} Rae8 {[%clk 1:09:21]} 16. Bd2
{[%clk 0:51:25]} Rxe1 {[%clk 1:00:45]} 17. Rxe1 {[%clk 0:51:20]} Rxe1+
{[%clk 1:00:58]} 18. Bxe1 {[%clk 0:51:39]} Qe7 {[%clk 1:01:14]} 19. Qe2
{[%clk 0:50:36]} Qxe2 {[%clk 0:53:03]} 20. Bxe2 {[%clk 0:50:58]} Ne6
{[%clk 0:53:04]} 21. Bf3 {[%clk 0:49:56]} Kf8 {[%clk 0:50:43]} 22. Kf1
{[%clk 0:50:17]} Ke7 {[%clk 0:50:21]} 23. Ke2 {[%clk 0:50:32]} Ng5
{[%clk 0:45:39]} 24. Bg2 {[%clk 0:50:47]} f5 {[%clk 0:45:41]} 25. Kd3
{[%clk 0:50:34]} f4 {[%clk 0:44:35]} 26. h4 {[%clk 0:39:38]} Ne6 {[%clk 0:42:01]}
27. g4 {[%clk 0:37:43]} Kd7 {[%clk 0:36:20]} 28. Be4 {[%clk 0:32:29]} h6 29. c4
{[%clk 0:25:04]} Be7 {[%clk 0:29:36]} 30. f3 {[%clk 0:24:38]} b6 31. Bxc6+
{[%clk 0:16:33]} Kxc6 {[%clk 0:26:01]} 32. d5+ {[%clk 0:16:57]} Kd7
{[%clk 0:25:28]} 33. dxe6+ Kxe6 {[%clk 0:23:46]} 34. Ke4 {[%clk 0:17:31]} g5
{[%clk 0:22:42]} 35. h5 {[%clk 0:17:15]} f6 {[%clk 0:22:01]} 36. a3
{[%clk 0:16:03]} a5 {[%clk 0:17:35]} 37. b4 {[%clk 0:13:06]} a4 {[%clk 0:12:54]}
38. Bc3 {[%clk 0:13:18]} Bd6 {[%clk 0:08:13]} 39. Bd4 {[%clk 0:13:39]} Bc7
{[%clk 0:08:22]} 40. Bb2 {[%clk 0:10:21]} Bd6 {[%clk 0:04:54]} 41. Bc3
{[%clk 0:10:44]} Bc7 {[%clk 0:01:52]} 42. Bd4 {[%clk 0:11:06]} Bd8
{[%clk 0:28:27]} 43. c5 {[%clk 0:28:28]} b5 {[%clk 0:24:20]} 44. Bc3
{[%clk 0:17:43]} Bc7 {[%clk 0:19:05]} 45. Bd4 {[%clk 0:13:53]} Bd8
{[%clk 0:17:50]} 46. Bb2 {[%clk 0:04:12]} Bc7 {[%clk 0:17:47]} 47. Bc3
{[%clk 0:04:27]} Bd8 {[%clk 0:18:04]} 48. Bd4 {[%clk 0:04:46]} Bc7
{[%clk 0:18:00]} 49. Ba1 {[%clk 0:02:45]} 1/2-1/2

[Event "MSRCH16"]
[Site "?"]
[Date "2026.04.10"]
[Round "1.8"]
[White "Simonov, Tobias"]
[Black "Jursa, Juraj"]
[Result "1/2-1/2"]
[BlackElo "2001"]
[WhiteElo "1708"]
[LiveChessVersion "1.4.8"]

1. e4 {[%clk 1:30:55]} c5 {[%clk 1:30:52]} 2. Nf3 {[%clk 1:31:22]} Nc6
{[%clk 1:31:17]} 3. Nc3 {[%clk 1:31:46]} e5 {[%clk 1:31:16]} 4. Bc4
{[%clk 1:29:46]} Be7 {[%clk 1:30:46]} 5. d3 {[%clk 1:28:48]} Nf6 {[%clk 1:30:18]}
6. O-O {[%clk 1:26:29]} O-O {[%clk 1:30:27]} 7. h3 {[%clk 1:23:15]} d6
{[%clk 1:28:46]} 8. Be3 {[%clk 1:20:17]} Be6 {[%clk 1:20:56]} 9. Re1
{[%clk 1:11:31]} d5 {[%clk 1:13:55]} 10. exd5 {[%clk 1:09:18]} Nxd5
{[%clk 1:13:26]} 11. Nxd5 {[%clk 1:08:58]} Bxd5 {[%clk 1:13:50]} 12. Bxd5
{[%clk 1:08:45]} Qxd5 {[%clk 1:14:13]} 13. Qe2 {[%clk 0:54:46]} Rae8
{[%clk 1:10:01]} 14. Bd2 {[%clk 0:48:03]} Bd8 {[%clk 1:02:54]} 15. Qe4
{[%clk 0:43:54]} Qxe4 {[%clk 0:54:24]} 16. Rxe4 {[%clk 0:43:52]} f5
{[%clk 0:52:03]} 17. Re3 {[%clk 0:34:01]} e4 {[%clk 0:51:03]} 18. Rae1
{[%clk 0:29:14]} Nd4 {[%clk 0:37:37]} 19. Nxd4 {[%clk 0:27:58]} cxd4
{[%clk 0:38:02]} 20. R3e2 {[%clk 0:28:10]} Bb6 {[%clk 0:36:02]} 21. dxe4
{[%clk 0:20:27]} fxe4 {[%clk 0:34:53]} 22. Rxe4 {[%clk 0:14:15]} Rxe4
{[%clk 0:34:57]} 23. Rxe4 {[%clk 0:14:42]} d3 {[%clk 0:34:21]} 24. Rf4
{[%clk 0:11:19]} Rxf4 {[%clk 0:13:12]} 25. Bxf4 {[%clk 0:11:42]} dxc2
{[%clk 0:12:47]} 26. Bc1 {[%clk 0:11:14]} Kf7 {[%clk 0:11:52]} 27. Kf1
{[%clk 0:11:31]} Ke6 {[%clk 0:10:38]} 28. Ke2 {[%clk 0:10:39]} Kd5
{[%clk 0:10:23]} 29. f3 {[%clk 0:10:28]} Bc7 {[%clk 0:04:31]} 30. Kd3
{[%clk 0:08:32]} Bg3 {[%clk 0:04:18]} 31. Kxc2 {[%clk 0:08:02]} Ke5
{[%clk 0:04:34]} 32. Be3 {[%clk 0:02:50]} a6 {[%clk 0:03:39]} 33. Kd3
{[%clk 0:03:14]} Kd5 {[%clk 0:03:11]} 34. Ke2 Ke5 1/2-1/2

[Event "MSRCH16"]
[Site "?"]
[Date "2026.04.10"]
[Round "1.9"]
[White "Ondreicka, Roman"]
[Black "Kostov, Rubin"]
[Result "1-0"]
[BlackElo "1702"]
[WhiteElo "1999"]
[LiveChessVersion "1.4.8"]

1. Nf3 {[%clk 1:30:51]} Nf6 {[%clk 1:30:55]} 2. d4 {[%clk 1:31:10]} e6
{[%clk 1:31:19]} 3. e3 {[%clk 1:30:47]} c5 {[%clk 1:31:27]} 4. Be2
{[%clk 1:30:16]} Be7 {[%clk 1:31:42]} 5. O-O {[%clk 1:30:30]} O-O
{[%clk 1:32:06]} 6. b3 {[%clk 1:29:01]} Nc6 {[%clk 1:31:08]} 7. Bb2
{[%clk 1:28:42]} d5 {[%clk 1:30:25]} 8. c4 {[%clk 1:24:19]} cxd4 {[%clk 1:28:04]}
9. exd4 {[%clk 1:19:11]} b6 {[%clk 1:26:16]} 10. Nc3 {[%clk 1:13:36]} Ba6
{[%clk 1:19:00]} 11. Rc1 {[%clk 1:09:51]} Na5 {[%clk 1:04:30]} 12. Nb5
{[%clk 0:54:44]} Qd7 {[%clk 0:57:52]} 13. Ne5 {[%clk 0:49:41]} Qb7
{[%clk 0:58:13]} 14. Bd3 {[%clk 0:47:36]} Rac8 {[%clk 0:52:46]} 15. Qe2
{[%clk 0:45:47]} Nc6 {[%clk 0:48:00]} 16. Rfd1 {[%clk 0:26:13]} dxc4
{[%clk 0:26:47]} 17. bxc4 {[%clk 0:25:47]} Rfd8 18. Bb1 {[%clk 0:24:41]} Bxb5
{[%clk 0:19:59]} 19. cxb5 {[%clk 0:25:05]} Nb4 {[%clk 0:20:22]} 20. a3
{[%clk 0:24:14]} Nbd5 {[%clk 0:20:40]} 21. Nc6 {[%clk 0:24:22]} Rd7
{[%clk 0:19:50]} 22. Rc4 {[%clk 0:20:31]} Rdc7 {[%clk 0:18:27]} 23. Rdc1
{[%clk 0:19:19]} Bf8 {[%clk 0:18:10]} 24. Ra4 {[%clk 0:16:14]} Qa8
{[%clk 0:17:03]} 25. h3 {[%clk 0:14:55]} Ne7 {[%clk 0:16:02]} 26. Nxe7+
{[%clk 0:13:14]} Bxe7 {[%clk 0:16:30]} 27. Rxc7 {[%clk 0:13:09]} Rxc7
{[%clk 0:15:14]} 28. Rc4 {[%clk 0:09:14]} Qc8 {[%clk 0:14:03]} 29. Bd3
{[%clk 0:06:28]} Rxc4 {[%clk 0:12:28]} 30. Bxc4 {[%clk 0:06:54]} Qd7
{[%clk 0:12:41]} 31. Qf3 {[%clk 0:06:36]} Nd5 {[%clk 0:11:34]} 32. g3
{[%clk 0:06:18]} g6 {[%clk 0:10:50]} 33. Kg2 {[%clk 0:06:17]} Bf8
{[%clk 0:11:06]} 34. Bxd5 {[%clk 0:04:47]} exd5 {[%clk 0:10:15]} 35. a4
{[%clk 0:04:43]} Qe6 {[%clk 0:09:52]} 36. Qe3 {[%clk 0:04:42]} Qe4+
{[%clk 0:09:03]} 37. Qxe4 {[%clk 0:04:56]} dxe4 {[%clk 0:09:27]} 38. d5
{[%clk 0:01:57]} Bd6 {[%clk 0:08:44]} 39. Bf6 {[%clk 0:02:18]} Kf8
{[%clk 0:08:29]} 40. Kf1 {[%clk 0:02:35]} Ke8 {[%clk 0:08:38]} 41. Ke2
{[%clk 0:02:52]} Kd7 {[%clk 0:07:28]} 42. Ke3 {[%clk 0:29:41]} Bc5+
{[%clk 0:37:46]} 43. Kxe4 {[%clk 0:26:01]} Bxf2 {[%clk 0:38:05]} 44. Be5
{[%clk 0:25:21]} Bc5 {[%clk 0:37:11]} 45. Bb8 {[%clk 0:17:03]} Kc8
{[%clk 0:24:46]} 46. Be5 {[%clk 0:14:20]} Kd7 {[%clk 0:22:30]} 47. g4
{[%clk 0:14:32]} Bd6 {[%clk 0:18:14]} 48. Bxd6 {[%clk 0:12:08]} Kxd6
{[%clk 0:18:34]} 49. g5 {[%clk 0:12:35]} Kd7 {[%clk 0:16:53]} 50. Ke5
{[%clk 0:12:52]} Ke7 {[%clk 0:17:18]} 51. d6+ {[%clk 0:12:40]} Kd8
{[%clk 0:17:32]} 52. Kf6 {[%clk 0:12:01]} Kd7 {[%clk 0:16:38]} 53. Kxf7
{[%clk 0:12:14]} Kxd6 {[%clk 0:17:01]} 54. Kg7 {[%clk 0:12:31]} 1-0

[Event "MSRCH16"]
[Site "?"]
[Date "2026.04.10"]
[Round "1.10"]
[White "Simko, Stefan"]
[Black "Mazag, Martin"]
[Result "0-1"]
[BlackElo "1975"]
[WhiteElo "1700"]
[LiveChessVersion "1.4.8"]

1. e4 {[%clk 1:30:56]} c5 {[%clk 1:30:55]} 2. Nf3 {[%clk 1:31:00]} e6
{[%clk 1:31:22]} 3. d4 {[%clk 1:28:03]} cxd4 {[%clk 1:31:50]} 4. Nxd4
{[%clk 1:28:16]} a6 {[%clk 1:32:19]} 5. Be3 {[%clk 1:27:34]} Qc7 {[%clk 1:32:34]}
6. a3 {[%clk 1:27:01]} Nf6 {[%clk 1:32:47]} 7. Bd3 {[%clk 1:25:58]} Be7
{[%clk 1:32:54]} 8. Nc3 {[%clk 1:24:52]} b5 {[%clk 1:32:25]} 9. Na2
{[%clk 1:15:39]} Bb7 {[%clk 1:32:19]} 10. f3 {[%clk 1:14:53]} d5 {[%clk 1:31:37]}
11. exd5 Nxd5 {[%clk 1:32:04]} 12. Bf2 {[%clk 0:59:02]} Nd7 {[%clk 1:31:55]} 13.
O-O {[%clk 0:57:30]} Bd6 {[%clk 1:30:45]} 14. h3 {[%clk 0:55:15]} O-O
{[%clk 1:30:06]} 15. Qe1 {[%clk 0:48:26]} Nf4 {[%clk 1:24:27]} 16. Rd1
{[%clk 0:36:30]} Nxd3 {[%clk 1:13:35]} 17. Rxd3 {[%clk 0:35:35]} Ne5
{[%clk 1:12:31]} 18. Rc3 {[%clk 0:29:36]} Qb8 {[%clk 1:11:28]} 19. Qe2
{[%clk 0:19:00]} Ng6 {[%clk 1:09:44]} 20. Rd1 {[%clk 0:16:28]} Nf4
{[%clk 1:08:42]} 21. Qd2 {[%clk 0:13:00]} Nd5 {[%clk 1:07:49]} 22. Rd3
{[%clk 0:10:34]} Rd8 {[%clk 1:05:38]} 23. Bh4 {[%clk 0:08:32]} Rd7
{[%clk 1:04:07]} 24. Qe1 {[%clk 0:07:41]} Nf4 {[%clk 0:59:09]} 25. Rc3
{[%clk 0:06:36]} Ng6 {[%clk 0:53:10]} 26. Kf1 {[%clk 0:04:32]} Nxh4
{[%clk 0:50:58]} 27. Qxh4 {[%clk 0:04:54]} Be5 28. Rcd3 Bf6 {[%clk 0:50:13]} 29.
Qg4 {[%clk 0:03:07]} Bd5 {[%clk 0:50:06]} 30. Nc1 {[%clk 0:02:33]} Bc4
{[%clk 0:50:15]} 31. Qe4 {[%clk 0:01:59]} Rxd4 {[%clk 0:50:01]} 32. b3
{[%clk 0:01:05]} Bxd3+ {[%clk 0:50:18]} 0-1